书目信息 |
| 题名: |
欧洲之行
|
|
| 作者: | 鲍姆 著 | |
| 分册: | ||
| 出版信息: | 北京 中国国际广播出版社 2015 |
|
| 页数: | 297页 | |
| 开本: | 21cm | |
| 丛书名: | ||
| 单 册: | ||
| 中图分类: | H319.4:I712.44 | |
| 科图分类: | ||
| 主题词: | 英语--语言读物 , 长篇小说--美国--近代--英文 , 英语 , 长篇小说 | |
| 电子资源: | ||
| ISBN: | 978-7-5078-3747-6 | |
| 000 | 01174nam0 2200301 45 | |
| 001 | 012001001014 | |
| 005 | 20140920091302.0 | |
| 010 | @a978-7-5078-3747-6@dCNY28.00 | |
| 100 | @a20150310d2015 em y0chiy50 ea | |
| 101 | 0 | @achi |
| 102 | @aCN@b110000 | |
| 105 | @ay z 000yy | |
| 106 | @ar | |
| 200 | 1 | @a欧洲之行@9Ou Zhou Zhi Xing@dAunt Jane''s nieces abroad@zeng@f(美)莱曼·弗兰克·鲍姆著 |
| 210 | @a北京@c中国国际广播出版社@d2015 | |
| 215 | @a297页@d21cm | |
| 300 | @a纯爱英文馆·美国少女成长系列 中文导读英文版 | |
| 300 | @a并列题名:Aunt Jane''s nieces abroad | |
| 330 | @a本书作者为鲍姆,美国著名作家及剧作家,美国儿童文学之父,本书主要讲述了约翰叔叔带着三个侄女——贝丝、露易丝和帕齐到欧洲旅行的故事。在旅行中,他们目睹了维苏威火山喷发,他们乘坐的马车险些坠崖,约翰叔叔遭遇绑架差点丢掉性命,孩子们冒险营救……。 | |
| 510 | 1 | @aAunt Jane''s nieces abroad@zeng |
| 606 | 0 | @a英语@j语言读物 |
| 606 | 0 | @a长篇小说@y美国@z近代@x英文 |
| 606 | 0 | @a英语 |
| 606 | 0 | @a长篇小说 |
| 690 | @aH319.4:I712.44@v5 | |
| 701 | 0 | @c(美)@a鲍姆@9Bao Mu@c(Baum, L. Frank@f1856-1919)@4著 |
| 801 | 0 | @aCN@b上海新华@c20180901 |
| 905 | @b1151447-51@dH319.4:I@e1985@f5 | |
| 欧洲之行=Aunt Jane''s nieces abroad/(美)莱曼·弗兰克·鲍姆著.-北京:中国国际广播出版社,2015 |
| 297页;21cm |
| 纯爱英文馆·美国少女成长系列 中文导读英文版.-并列题名:Aunt Jane''s nieces abroad |
| ISBN 978-7-5078-3747-6:CNY28.00 |
| 本书作者为鲍姆,美国著名作家及剧作家,美国儿童文学之父,本书主要讲述了约翰叔叔带着三个侄女——贝丝、露易丝和帕齐到欧洲旅行的故事。在旅行中,他们目睹了维苏威火山喷发,他们乘坐的马车险些坠崖,约翰叔叔遭遇绑架差点丢掉性命,孩子们冒险营救……。 |
| ● |
| 相关链接 |
|
|
|
|
正题名:欧洲之行
索取号:H319.4:I/1985
 
预约/预借
| 序号 | 登录号 | 条形码 | 馆藏地/架位号 | 状态 | 备注 |
| 1 | 1151447 | 211514477 | 第二样本阅览室/ [索取号:H319.4:I/1985] | 在馆 | |
| 2 | 1151448 | 211514486 | 第四借阅区/ [索取号:H319.4:I/1985] | 在馆 | |
| 3 | 1151449 | 211514495 | 第四借阅区/ [索取号:H319.4:I/1985] | 在馆 | |
| 4 | 1151450 | 211514501 | 密集书库—外国语学院/ [索取号:H319.4:I/1985] | 在馆 | |
| 5 | 1151451 | 211514510 | 第四借阅区/ [索取号:H319.4:I/1985] | 在馆 |